00584nam a2200217 a 450000100060000000300090000600800410001502000140005604000280007008200170009810000200011524500260013525000060016126000530016730000110022049000240023165000370025565000190029265000310031165000240034210971CO-ViMGA141112s2004 ck r 000 u spa d a84010091X aCO-ViMGAbspacCO-ViMGA04a833.91 B37c31 aBerling Peter, 10aLa corona del Mundo  a1 aBarcelona, cPlaza y Janes Editores S.A., c1996 a800 p. aLos hijos del Grial14aGRIAL - NOVELA LEYENDAS - NOVELA14aNOVELA ALEMANA14aPERSIA - HISTORIA - NOVELA14aRELIGIONES - NOVELA